000 01091nas a2200373 4500
001 BR0405119
003 BR-BrBNA
005 20231205104945.0
007 ta
008 230509b bl.|||p| |||| 00| 00por d
040 _aBR-BrBNA
_bpor
_cBiblioteca Nacional de Agricultura
041 _a(En)
072 _aL73; L70
100 1 _aLemos, E.R.S. de
100 1 _aD'Andrea, P.S.
100 1 _aBonvicino, C.R.
100 1 _aFamadas, K.M.
100 1 _aPadula, P.
100 1 _aCavalcanti, A.A.
100 1 _aSchatzmayr, H.G.
245 1 _aEvidence of hantavirus infection in wild rodents captured in a rural area of the state of São Paulo, Brazil
650 _aROEDOR
650 _aINFECÇÃO
650 _aDOENÇA ANIMAL
650 _aVÍRUS
650 _aTRANSMISSÃO DE DOENÇA
650 _aANTICORPO
650 _aANTÍGENO
650 _aELISA
650 _aSÃO PAULO
773 0 _tPesquisa Veterinária Brasileira (Brazil)
_xISSN 0100-736X
_g(Apr-Jun 2004), v. 24(2) p. 71-73
_wBR0405119
909 _a202311
_bLúcia
_c55
_dLúcia Elande
942 _2AGRIS
_n0
_cANA
999 _c180484
_d180484